| 000 | 01643nam a2200313 4500 | ||
|---|---|---|---|
| 003 | EC-UNACH | ||
| 005 | 20250930143154.0 | ||
| 006 | s||||gr|||| 00| 00 | ||
| 008 | 150116t9999 mx r gr 000 0 spa d | ||
| 020 | _a978-607-15-0685-6 | ||
| 040 |
_aEC-UNACH _cEC-UNACH |
||
| 041 | _aspa | ||
| 082 | 0 | 4 |
_223 _a658 _bL001150 |
| 110 | _aMc Graw Hill | ||
| 245 | _aAdministración de los servicios de enfermería | ||
| 250 | _aSexta Edición | ||
| 264 |
_aMéxico D.F _bMc Graw Hill _c2012 |
||
| 300 |
_a406 páginas _bFiguras, Cuadros _c16.5 x 23 cm |
||
| 505 | _aCapítulo 1. Antecedentes históricos -- Origen y evolución -- La administración empírica -- El hombre primitivo -- Sociedades egipcias -- Sociedades hebreas -- Aportaciones de los filósofos -- El cristianismo -- La organización militar -- Inicio de la teoría general de la administración -- La revolución industrial -- Aportaciones de los administradores -- La administración en México -- Evolución de la administración -- en América Latina -- Capítulo 2. El paradigma clásico -- Administración científica de Taylor -- Seguidores de Taylor -- Henry Laurence Gantt -- Frank B. Gilbreth -- Elton Mayo -- Douglas McGregor -- Teoría clásica de Henry Fayol -- Capítulo 3. Periodo neoclásico de la administración. | ||
| 650 | _aFILOSOFÍA DE LA ADMINISTRACIÓN | ||
| 650 | _aANÁLISIS MARGINAL | ||
| 650 | _aPLANEACIÓN | ||
| 650 | _aPROCESO DE MARKETING | ||
| 700 | _aBalderas Pedrero, María de la Luz | ||
| 942 |
_2ddc _c1 |
||
| 999 | _c13959 | ||